000 01925cam a22004814i 4500
003 PE-LiUPU
005 20250731173406.0
008 150706s2004 miu r 000 0 spa d
020 _a9780825412691
035 _a(Sirsi) i9780825412691
040 _aPE-LiUPU
_bspa
_cPE-LiUPU
_erda
049 _aPRUA
082 0 4 _a248.8425
_bG38
_221
100 1 _aGeorge, Jim,
_d1943- ,
_eautor.
245 1 3 _aUn esposo conforme al corazón de Dios /
_cJim George.
264 1 _aMichigan :
_bPortavoz,
_c2004.
300 _a245 páginas ;
_c22 centímetros
336 _atext
_2rdacontent
337 _aunmediated
_2rdamedia
338 _avolume
_2rdacarrier
505 0 _aLlegar a ser un esposo conforme al corazón de Dios -- Crecer en el Señor -- Trabajar en equipo -- Aprender a comunicarse -- Deleitarse en la intimidad -- Administrar el dinero -- Mantener el hogar -- Criar los hijos -- Amar a la familia -- Trabajar en su profesión -- Divertirse juntos -- Servir al Señor -- Testificar a otros.
526 _aSEG42
526 _aSEG41
526 _aSEG40
526 _aSEG39
526 _aP94
526 _aP87
526 _aP86
526 _aP85
526 _aP77
526 _aP76
526 _aP35
541 _g001-001093;
650 1 4 _aMaridos
_xVida religiosa.
650 2 4 _aMatrimonio
_xAspectos religiosos
_xCristianismo.
700 1 _aMartín, Juan Carlos,
_etr.
910 _agl
_bjv
_clch
_d20110819
942 _2ddc
_cBOOK
949 _a248.8425 G38
_wDEWEY
_c1
_i63310
_lCCODEBUL1
_mBUL
_p11.00
_r0
_sY
_tBOOK
_u2015-7-6
_xTEOLOGIA
_PP35
_o.STAFF. Colección Teología
994 _aC0
_bPEPRU
596 _a1
999 _a248.8425 G38
_wDEWEY
_c52312
_i63310
_d52312
_e2018-3-16
_f2021-11-10
_g5
_lCCODEBUL1
_mBUL
_n5
_p11.00
_q2
_r0
_sY
_tBOOK
_u2015-7-6
_xTEOLOGIA
_PP35
_0COMPRA
_o.STAFF. Colección Teología
980 _81
_gALBERTO SANCHEZ Responsable de Automatización